| Поле | Инд. | ПП | Название | Значение |
|---|---|---|---|---|
| Тип записи | a | |||
| Библиографический уровень | m | |||
| 001 | Контрольный номер | RU/IS/BASE/226069266 | ||
| 005 | Дата корректировки | 20220617140536.5 | ||
| 020 | 00 | a | ISBN | 5-85510-241-6 |
| c | Цена, тираж | 50-00 | ||
| 084 | a | Индекс другой классификации/Индекс ББК | 63.3(4Нор)+63.3(2)6-6+63.3(2Рос-4Мур) | |
| 090 | x | Авторский знак | С 66 | |
| a | Полочн. индекс | 63.3(3) | ||
| 245 | 00 | a | Заглавие | Соседи на Крайнем Севере: Россия и Норвегия. От первых контактов до Баренцева сотрудничества |
| b | Продолж. заглавия | учеб. пособие | ||
| c | Ответственность | М-во образования Рос. Федерации, МГПИ, Ун-т г. Тромсе (Норвегия) | ||
| 260 | 00 | a | Место издания | Мурманск |
| b | Издательство | Кн. изд-во | ||
| c | Дата издания | 2001 | ||
| 300 | 00 | a | Объем | 384 с. |
| b | Иллюстрации/ тип воспроизводства | ил. | ||
| 583 | x | Служебное примечание | Краеведческий каталог | |
| 650 | _4 | a | Основная рубрика | Норвегия-История-Учебные издания для высших учебных заведений; Внешняя политика России-История-Учебные издания для высших учебных заведений; Российско-норвежские отношения-Учебные издания для высших учебных заведений |
| 651 | _4 | a | Географическое наименование | Мурманская область |
| 651 | _4 | a | Географическое наименование | Крайний Север |
| 651 | _4 | a | Географическое наименование | Баренцев регион |
| 653 | 00 | a | Ключевые слова | Викинги |
| 653 | 00 | a | Ключевые слова | Средневековье |
| 653 | 00 | a | Ключевые слова | Экономика |
| 653 | 00 | a | Ключевые слова | Сотрудничество |
| 900 | a | Имя макрообъекта | Соседи на Крайнем севере | |
| 901 | t | Тип документа | m | |
| 952 | c | Вид литературы | учебное пособие | |
| 990 | 00 | f | Даты поступлений (DOS) | 04.02 |